000 01046cam a22003257a 4500
003 CHAP
005 20220329141743.0
008 971013s1962 r 00010 d
010 _a73352
011 _a74324
035 _a83883
040 _cCHAP
082 _a658
_bH37Y
100 0 0 _aHarbison, Frederick.
_952622
245 1 3 _aLa dirección de empresa en el mundo industrial; análisis internacional
260 _aNew York :
_bMcGraw-Hill,
_c1962
300 _a434 p.
590 _aBATCH-UPD
_b10
_c20130110
_lUCH01
_h0111
590 _aBATCH-UPD
_b10
_c20130110
_lUCH01
_h0720
590 _aBATCH-UPD
_b10
_c20130409
_lUCH01
_h2103
590 _aBATCH-UPD
_b10
_c20130410
_lUCH01
_h1349
590 _aBATCH-UPD
_b10
_c20130913
_lUCH01
_h1932
590 _aCONVERSION
_b10
_c20130109
_lUCH01
_h1340
650 1 4 _aAdministración de empresas
_xHistoria.
_9924
650 1 4 _aIndustria
_xAdministración.
_957683
700 0 _aMyers, Charles A.
_979937
901 _aBK
942 _cLIBRO
949 _a658 H37y
_bBC
_cBPA
_d-38812
_eBPA
_h25105
_i83883
_si
999 _c73352
_d73352